El blanqueo de bienes de años prescriptos (Registro nro. 15496)
[ vista simple ]
| 000 -LEADER | |
|---|---|
| fixed length control field | 00313 a2200109 4500 |
| 001 - CONTROL NUMBER | |
| control field | ART_19171 |
| 005 - DATE AND TIME OF LATEST TRANSACTION | |
| control field | 20260410161704.0 |
| 008 - FIXED-LENGTH DATA ELEMENTS--GENERAL INFORMATION | |
| fixed length control field | 260409a |
| 100 1# - MAIN ENTRY--PERSONAL NAME | |
| Personal name | Oklander, Juan |
| 245 10 - TITLE STATEMENT | |
| Title | El blanqueo de bienes de años prescriptos |
| 773 0# - HOST ITEM ENTRY | |
| Title | Revista Impuestos |
| Related parts | - Nº 11 (jun. 2009) |
| Record control number | REV639 |
No hay ítems disponibles.